=LDR 00000nam 2200000 4500 =001 INLIS000000000051698 =005 20201215070323 =035 ##$$a 0010-1017000137 =007 ta =082 ##$$a 328.3 =090 ##$$a 32835 Ami m =245 1#$$a Mengenal lembaga negara indonesia /$c Amin Suprihatini, Yudi Suparyanto =260 ##$$a Klaten :$b SakaMitra Kompetensi,$c 2011 =300 ##$$a iv, 60 hlm : $b Ilus ; $c 25 x 18 cm =008 201215################g##########0#ind## =020 ##$$a 602-8226-50-9 =084 ##$$a 328.3 AMI m =100 #$$a Amin Suprihatini =650 #4$$a Lembaga Negara =504 ##$$a Bibliografi: hal 60 =990 ##$$a 00092474 =990 ##$$a 00092475 =990 ##$$a 32.950 pb.2013 =990 ##$$a 32.949 pb.2013